[Event "RUS-ch U20"]
[Site "Loo"]
[Date "2021.04.29"]
[Round "9"]
[White "Obgolts, Erik"]
[Black "Makovich, Andrey"]
[Result "1-0"]
[WhiteElo "2414"]
[BlackElo "2171"]
[PlyCount "115"]
[EventDate "2021.04.21"]
[EventType "swiss"]
[EventRounds "9"]
[EventCountry "RUS"]
[SourceTitle "CBM 202 Extra"]
[Source "ChessBase"]
[SourceDate "2021.07.31"]
[SourceVersion "1"]
[SourceVersionDate "2021.07.31"]
[SourceQuality "1"]

1. e4 c5 2. Nf3 a6 3. d4 cxd4 4. Nxd4 Nf6 5. Nc3 e5 6. Nf3 Bb4 7. Bd2 d6 8. Bd3 0-0 9. 0-0 Nbd7 10. a3 Bxc3 11. Bxc3 Nc5 12. Qe1 b5 13. b4 Na4 14. Bd2 Bb7 15. Bg5 Rc8 16. Qd2 h6 17. Bh4 Qe7 18. Rae1 Qe6 19. h3 Nh5 20. Bg3 Nb2 21. Nh4 Nxg3 22. fxg3 d5 23. exd5 Qxd5 24. Nf5 Rfe8 25. Re4 Rc6 26. Rg4 Rg6 27. Ne3 Qd8 28. Qf2 Rxg4 29. Qxf7+ Kh8 30. Nxg4 Bd5 31. Qg6 Nxd3 32. cxd3 Bg8 33. Nxh6 Bh7 34. Nf7+ Kg8 35. Qh5 Qb6+ 36. Kh2 Qg6 37. Qf3 Qxd3 38. Nxe5 Qxf3 39. Nxf3 Re3 40. Ra1 Rb3 41. g4 Bd3 42. Kg3 Kf7 43. Kf4 Bc4 44. h4 Rb2 45. Kg3 Rb3 46. g5 Bd5 47. h5 Ke6 48. Kf4 Kf7 49. Nd4 Rd3 50. Ke5 Bxg2 51. g6+ Ke7 52. Nf5+ Kf8 53. h6 gxh6 54. Kf6 Ke8 55. Re1+ Kd7 56. Re5 Bd5 57. Rxd5+ Rxd5 58. g7 1-0

[Event "RUS-ch U20"]
[Site "Loo"]
[Date "2021.04.22"]
[Round "2"]
[White "Lobanov, Sergei"]
[Black "Makovich, Andrey"]
[Result "1-0"]
[WhiteElo "2520"]
[BlackElo "2171"]
[PlyCount "97"]
[EventDate "2021.04.21"]
[EventType "swiss"]
[EventRounds "9"]
[EventCountry "RUS"]
[SourceTitle "CBM 202 Extra"]
[Source "ChessBase"]
[SourceDate "2021.07.31"]
[SourceVersion "1"]
[SourceVersionDate "2021.07.31"]
[SourceQuality "1"]

1. e4 c6 2. Nf3 d5 3. Nc3 Bg4 4. h3 Bxf3 5. Qxf3 e6 6. Be2 Nd7 7. d4 dxe4 8. Nxe4 Ngf6 9. 0-0 Nxe4 10. Qxe4 Nf6 11. Qe3 Bd6 12. b3 a5 13. a3 0-0 14. Bb2 a4 15. b4 b5 16. c4 bxc4 17. Bxc4 Nd5 18. Qf3 Be7 19. Rac1 Qb6 20. Bd3 Rfd8 21. Rc4 Rd6 22. Rfc1 Bf6 23. Be4 Rad8 24. g3 g6 25. Rc5 Kg7 26. Bxd5 exd5 27. Re1 h5 28. Qd1 h4 29. g4 Bg5 30. Qxa4 Rf6 31. Qc2 Rdd6 32. Bc1 Bxc1 33. Qxc1 Rde6 34. Re5 Rxe5 35. dxe5 Re6 36. Qc3 Qa6 37. b5 cxb5 38. Rxd5 Qc6 39. Qb3 Qc4 40. Rxb5 Qxb3 41. Rxb3 Rxe5 42. Kf1 g5 43. a4 Kf6 44. Rb6+ Ke7 45. Rb5 Re4 46. Rxg5 Rxa4 47. Rh5 Kf6 48. Rxh4 Kg6 49. Rh5 1-0

[Event "EU-ch blitz U18"]
[Site "Tallinn"]
[Date "2019.12.03"]
[Round "4"]
[White "Makovich, Andrey"]
[Black "Subelj, Jan"]
[Result "1/2-1/2"]
[WhiteElo "2180"]
[BlackElo "2402"]
[PlyCount "121"]
[EventDate "2019.12.03"]
[EventType "swiss (blitz)"]
[EventRounds "9"]
[EventCountry "EST"]
[SourceTitle "CBM 193 Extra"]
[Source "ChessBase"]
[SourceDate "2020.01.31"]
[SourceVersion "1"]
[SourceVersionDate "2020.01.31"]
[SourceQuality "1"]

1. Nf3 d5 2. d4 Nf6 3. c4 e6 4. Nc3 Be7 5. g3 0-0 6. Bg2 dxc4 7. 0-0 a6 8. Ne5 c5 9. dxc5 Bxc5 10. Nxc4 Qc7 11. Qb3 Nc6 12. Bg5 b5 13. Nd2 Be7 14. a4 b4 15. Bxf6 Bxf6 16. Nce4 Be7 17. Rac1 Bb7 18. e3 Qb6 19. Nc4 Qa7 20. Rfd1 Rfd8 21. Ncd6 Na5 22. Qxb4 Bxe4 23. Bxe4 Rab8 24. Qxa5 Bxd6 25. Rd2 Qe7 26. Qxa6 Rb4 27. Qd3 f5 28. Bg2 Rxa4 29. Qb3 Ra7 30. Rcd1 Bc7 31. Rxd8+ Bxd8 32. Qd3 Bb6 33. h4 Rc7 34. Qb3 Bc5 35. Qd3 Ra7 36. e4 fxe4 37. Bxe4 g6 38. Kg2 Qf6 39. Qd8+ Qxd8 40. Rxd8+ Kf7 41. Rb8 Ra4 42. Bf3 Rb4 43. Rxb4 Bxb4 44. Be4 Kf6 45. f4 e5 46. Kf3 exf4 47. Kxf4 Bd6+ 48. Kf3 Ke5 49. h5 gxh5 50. Bxh7 Kf6 51. Bd3 Kg5 52. Bf1 h4 53. g4 Kf6 54. Ke4 Kg5 55. Bh3 Bb4 56. b3 Ba3 57. Bf1 Bb4 58. Bh3 Ba3 59. Bf1 Kxg4 60. Kd5 h3 61. Bxh3+ 1/2-1/2

[Event "EU-ch blitz U18"]
[Site "Tallinn"]
[Date "2019.12.03"]
[Round "6"]
[White "Peyrer, Konstantin"]
[Black "Makovich, Andrey"]
[Result "1-0"]
[WhiteElo "2322"]
[BlackElo "2180"]
[PlyCount "73"]
[EventDate "2019.12.03"]
[EventType "swiss (blitz)"]
[EventRounds "9"]
[EventCountry "EST"]
[SourceTitle "CBM 193 Extra"]
[Source "ChessBase"]
[SourceDate "2020.01.31"]
[SourceVersion "1"]
[SourceVersionDate "2020.01.31"]
[SourceQuality "1"]

1. Nf3 d5 2. g3 g6 3. Bg2 Bg7 4. 0-0 e5 5. d3 Nc6 6. Nbd2 Nge7 7. e4 0-0 8. Re1 d4 9. Nc4 b5 10. Na3 a6 11. c3 Bg4 12. h3 Bxf3 13. Qxf3 Qd6 14. Nc2 Rad8 15. Rd1 b4 16. cxb4 Nxb4 17. Qe2 Nxc2 18. Qxc2 Rb8 19. Bd2 Rb6 20. Rac1 c6 21. b3 Rb5 22. b4 Rfb8 23. Qa4 R5b6 24. Rc4 f6 25. Rdc1 Bf8 26. Bf3 Qe6 27. Kg2 Kg7 28. Bd1 f5 29. Bf3 Rc8 30. Bg5 fxe4 31. Bxe4 Nd5 32. Bd2 Be7 33. Qa5 Rcb8 34. Rxc6 Rxc6 35. Bxd5 Rxc1 36. Bxe6 Rc2 37. Qxe5+ 1-0